Journal of Korean Religions

Xehetasun bibliografikoak
Formatua: Baliabide elektronikoa Aldizkaria
Hizkuntza:English
Argitaratua: Institute for the Study of Religion, Sogang University, Korea
Gaiak:
Sarrera elektronikoa:Full text available on JSTOR[2010-09-01 - 2021-10-01]
Off-campus access
LEADER 01044cas a2200217 a 4500
001 AALejournalJSTOR001085
008 230228c9999 xx r poo 0 0eng d
022 |a 2093-7288 
022 |a 2167-2040 
040 |a BD-DhAAL  |c BD-DhAAL 
245 0 0 |h [electronic resource]  |a Journal of Korean Religions 
260 |b Institute for the Study of Religion, Sogang University, Korea 
300 |a 1 online resource 
362 0 |a Vol. 1,  |a no. 2-Jan 
500 |a <strong>Off-Campus Access:</strong> Athens ID and Password Required 
500 |a <strong>On-Campus Access:</strong> No User ID or Password Required 
506 |a Electronic access restricted to authorized BRAC University faculty, staff and students 
538 |a Mode of access: Internet 
650 4 |a Area Studies ; Asian Studies ; Humanities ; Religion 
856 4 0 |z Full text available on JSTOR[2010-09-01 - 2021-10-01]  |u https://www.jstor.org/journal/jkorereli 
856 4 0 |z Off-campus access  |u https://go.openathens.net/redirector/bracu.ac.bd?url=https%3A%2F%2Fwww.jstor.org%2Fjournal%2Fjkorereli